书目信息 |
| 题名: |
空气调节用制冷技术
|
|
| 作者: | 田长青 , 王宝龙 , 石文星 编著 | |
| 分册: | ||
| 出版信息: | 北京 中国建筑工业出版社 2016.05 |
|
| 页数: | 282页 | |
| 开本: | 26cm | |
| 丛书名: | ||
| 单 册: | ||
| 中图分类: | TB66 | |
| 科图分类: | ||
| 主题词: | 制冷技术--zhi leng ji shu--高等学校--教材 | |
| 电子资源: | ||
| ISBN: | 978-7-112-18904-5 | |
| 000 | 01380nam0 2200301 450 | |
| 001 | CAL 0120161944631 | |
| 005 | 20210622093251.52 | |
| 010 | @a978-7-112-18904-5@dRMB 40.00 | |
| 100 | @a20170904d2016 em y0chiy50 ea | |
| 101 | 0 | @achi |
| 102 | @aCN@b110000 | |
| 105 | @aak a 000yy | |
| 200 | 1 | @a空气调节用制冷技术@Akong qi tiao jie yong zhi leng ji shu@d= Refrigeration technology for air conditioning@f石文星, 田长青, 王宝龙编著@zeng |
| 205 | @a第5版 | |
| 210 | @a北京@c中国建筑工业出版社@d2016.05 | |
| 215 | @a282页@c图@d26cm | |
| 300 | @a高校建筑环境与能源应用工程学科专业指导委员会规划推荐教材 | |
| 320 | @a有书目 (第280-282页) | |
| 330 | @a本教材针对建筑环境与能源应用工程专业的教学要求, 以空气调节系统中普遍采用的冷 (热) 源设备 —— 蒸气压缩式制冷 (热泵) 装置为主, 系统地阐述其工作原理、部件构造、系统设计、工作特性和运行调节等问题, 并适当介绍利用热能驱动的吸收式制冷 (热泵) 装置, 以及连接冷 (热) 源设备与空调末端设备的水系统和制冷机房设计的相关问题。 | |
| 333 | @a“十二五”普通高等教育本科国家级规划教材 | |
| 510 | 1 | @aRefrigeration technology for air conditioning@zeng |
| 606 | 0 | @a制冷技术@Azhi leng ji shu@x高等学校@j教材 |
| 690 | @aTB66@v5 | |
| 701 | 0 | @a田长青@Atian chang qing@4编著 |
| 701 | 0 | @a王宝龙@Awang bao long@4编著 |
| 701 | 0 | @a石文星@Ashi wen xing@4编著 |
| 801 | 0 | @aCN@c20170904 |
| 905 | @a河南城建学院图书馆@dTB66@eS544=5@f2 | |
| 空气调节用制冷技术= Refrigeration technology for air conditioning/石文星, 田长青, 王宝龙编著.-第5版.-北京:中国建筑工业出版社,2016.05 |
| 282页:图;26cm |
| 高校建筑环境与能源应用工程学科专业指导委员会规划推荐教材.-使用对象:“十二五”普通高等教育本科国家级规划教材 |
| ISBN 978-7-112-18904-5:RMB 40.00 |
| 本教材针对建筑环境与能源应用工程专业的教学要求, 以空气调节系统中普遍采用的冷 (热) 源设备 —— 蒸气压缩式制冷 (热泵) 装置为主, 系统地阐述其工作原理、部件构造、系统设计、工作特性和运行调节等问题, 并适当介绍利用热能驱动的吸收式制冷 (热泵) 装置, 以及连接冷 (热) 源设备与空调末端设备的水系统和制冷机房设计的相关问题。 |
| ● |
| 相关链接 |
|
|
|
正题名:空气调节用制冷技术
索取号:TB66/S544=5
 
预约/预借
| 序号 | 登录号 | 条形码 | 馆藏地/架位号 | 状态 | 备注 |
| 1 | 1304407 | 213044070 | 自科库501/501自科库 18排4列5层/ [索取号:TB66/S544=5] | 在馆 | |
| 2 | 1316764 | 213167641 | 期刊室512/501自科库 18排4列5层/ [索取号:TB66/S544=5] | 在馆 | |
| 3 | 1316765 | 213167650 | 期刊室512/501自科库 18排4列5层/ [索取号:TB66/S544=5] | 在馆 | |
| 4 | 1506961 | 215069618 | 自科库501/501自科库 18排4列5层/ [索取号:TB66/S544=5] | 在馆 |